000 00363pab a2200157 454500
008 180718b2008 xxu||||| |||| 00| 0 eng d
100 _aArun Kumar
245 _aUnion budget 2008-09: a bag of tricks to get the vote
260 _c2008
300 _ap.3-4,34.
362 _a1 Mar
650 _aBudget
773 _aMainstream
908 _aN
909 _a77390
999 _c77390
_d77390